| 000 | 00747nam a2200193 i 4500 | ||
|---|---|---|---|
| 001 | 169735 | ||
| 003 | ES-MaACL | ||
| 005 | 20230906214159.0 | ||
| 008 | 081118s1869 sp |||| | spa d | ||
| 080 | _a061.22(460.235 B.) | ||
| 110 | 2 |
_aAteneo Catalán. _91844 |
|
| 245 | 1 | 0 | _aActa de la sesión pública celebrada por el Ateneo Catalán el dia 17 de diciembre de 1868. |
| 260 |
_aBarcelona : _b[s.n.], _c1869 ( _fNarciso Ramírez) |
||
| 300 |
_a40 p. ; _c26 cm. |
||
| 505 | 8 | _aContiene: Reseña de los trabajos hechos en el Ateneo Catalán en el año académico de 1867 a 1868 . Discurso del presidente Francisco Barret | |
| 610 | 2 | 4 |
_aAteneo Catalán- _vActas. _9170649 |
| 700 | 1 |
_aBarret, Francisco. _9138924 |
|
| 852 | 4 |
_aES-MaACL _jT-97-F-3 |
|
| 999 |
_c169735 _d169735 |
||